ا بن صفی کے ١٠١ ا د ا ر ے؛ جا یز ے (Record no. 138705)

MARC details
000 -LEADER
fixed length control field 01234nam a22002657a 4500
005 - DATE AND TIME OF LATEST TRANSACTION
control field 20170407145455.0
008 - FIXED-LENGTH DATA ELEMENTS--GENERAL INFORMATION
fixed length control field 140714b xxu||||| |||| 00| 0 Urdu d
010 ## - LCCN (DPL NO)
LC control number B-665858
020 ## - INTERNATIONAL STANDARD BOOK NUMBER
International Standard Book Number 9789350731383
Terms of availability 200.00
035 ## - SYSTEM CONTROL NUMBER
System control number B-665858
037 ## - SOURCE OF ACQUISITION
Source of stock number/acquisition BPPD/Pub/Ven
037 ## - SOURCE OF ACQUISITION
Source of stock number/acquisition Pansy Books(Vend.)/Edu. pub. House(Pub.)
040 ## - CATALOGING SOURCE
Original cataloging agency DPL
Language of cataloging Urdu
082 ## - DEWEY DECIMAL CLASSIFICATION NUMBER
Classification number 840.8
100 ## - MAIN ENTRY--PERSONAL NAME
Personal name ڈ ا کٹر منا ضر عا شق ہر گا نو ی
245 ## - TITLE STATEMENT
Title ا بن صفی کے ١٠١ ا د ا ر ے؛ جا یز ے
Statement of responsibility, etc ڈ ا کٹر منا ضر عا شق ہر گا نو ی
246 ## - VARYING FORM OF TITLE
Title proper/short title Ibne Safi ke 101Edariye ; Jaeza
Remainder of title by Manazir Ashiq Harganvi
260 ## - PUBLICATION, DISTRIBUTION, ETC. (IMPRINT)
Place of publication, distribution, etc د ھلی
Name of publisher, distributor, etc ا يجو کيشنل پبليشنگ ہا ؤس
Date of publication, distribution, etc 2013
260 ## - PUBLICATION, DISTRIBUTION, ETC. (IMPRINT)
Name of publisher, distributor, etc Pansy Books(Vender)
270 ## - ADDRESS
Address 3108،و کيل اسٹر يٹ ،کو چہ پنڈ ت ،لال کنو ا ن
City د ھلی
Postal code 110006
Telephone number 23216162،23214465
270 ## - ADDRESS
Address R2,/66/A Somesh Vihar,Chhawala
City New Delhi
Postal code 110071
Telephone number 01125317355
300 ## - PHYSICAL DESCRIPTION
Extent 179ص
Dimensions 22Cm (Hb)
942 ## - ADDED ENTRY ELEMENTS (KOHA)
Source of classification or shelving scheme Dewey Decimal Classification
Item type Urdu Bks
Edition
Classification part 840.8
Call number suffix ا ب ن
Holdings
Withdrawn status Lost status Source of classification or shelving scheme Damaged status Not for loan Collection code Home library Current library Date acquired Source of acquisition Cost, normal purchase price Total Checkouts Full call number Barcode Date last seen Copy number Cost, replacement price Koha item type
    Dewey Decimal Classification     Non-fiction Ashok Vihar Ashok Vihar 07/04/2017 BPPD/UR/2014-15/AV/16-17/656/17.217//P/1638/6.3.17/8.3.17 200.00   840.8 ا ب ن B-665858 07/04/2017 1 200.00 Urdu Bks

© Delhi Public Library
Hit Counter
free hit counter